Name every Splatoon game - Statistics

General Stats
  • This quiz has been taken 35 times
  • The average score is 5 of 6
Answer Stats
Answer % Correct
Splatoon 2
100%
Splatoon 3
100%
Splatoon 1
94%
Splatoon Raiders
59%
Splatoon 2: Octo Expansion
50%
Splatoon 3: Side Order
50%
No matching quizzes found
Score Distribution
Percent of People with Each Score
Percentile by Number Answered
Your Score History
You have not taken this quiz